Nanas para dormirlos_ y despertarlos / (Record no. 66381)

MARC details
000 -LEADER
campo de control de longitud fija 00876nam a2200265 i 4500
001 - NÚMERO DE CONTROL
campo de control 66381
003 - IDENTIFICADOR DE NÚMERO DE CONTROL
campo de control ES-MaACL
005 - FECHA Y HORA DE LA ÚLTIMA TRANSACCIÓN
campo de control 20240421063017.0
007 - CAMPO FIJO DE DESCRIPCIÓN FÍSICA--INFORMACIÓN GENERAL
campo de control de longitud fija t|
008 - DATOS DE LONGITUD FIJA--INFORMACIÓN GENERAL
campo de control de longitud fija 010329s2000 sp ||||0| spa d
020 ## - NÚMERO INTERNACIONAL ESTÁNDAR DEL LIBRO
Número Internacional Estándar del Libro 84-414-0683-9
040 ## - FUENTE DE CATALOGACIÓN
Centro catalogador/agencia de origen M-BN
Lengua de catalogación spa
Centro/agencia transcriptor M-BN
080 ## - NÚMERO DE LA CLASIFICACIÓN DECIMAL UNIVERSAL
Número de la Clasificación Decimal Universal 821.134.2-14"19"
100 0# - ENTRADA PRINCIPAL--NOMBRE DE PERSONA
Nombre de persona Gómez Gil, Alfredo,
Fechas asociadas al nombre 1936-
9 (RLIN) 57969
245 10 - MENCIÓN DEL TÍTULO
Título Nanas para dormirlos_ y despertarlos /
Mención de responsabilidad, etc. Alfredo Gómez Gil ; ilustraciones de Eberhard Schlotter ; traducción al japonés Etsuko Asami.
260 ## - PUBLICACIÓN, DISTRIBUCIÓN, ETC.
Lugar de publicación, distribución, etc. Madrid :
Nombre del editor, distribuidor, etc. Edaf,
Fecha de publicación, distribución, etc. 2000.
300 ## - DESCRIPCIÓN FÍSICA
Extensión 157 p :
Otras características físicas il ;
Dimensiones 21 cm.
490 1# - MENCIÓN DE SERIE
Mención de serie Biblioteca Edaf ;
Designación de volumen o secuencia 247
500 ## - NOTA GENERAL
Nota general Texto en japonés y español.
700 1# - ENTRADA AGREGADA--NOMBRE PERSONAL
Nombre de persona Schlotter, Eberhard.
9 (RLIN) 104434
700 1# - ENTRADA AGREGADA--NOMBRE PERSONAL
Nombre de persona Asami, Etsuko.
9 (RLIN) 23529
830 0# - PUNTO DE ACCESO ADICIONAL DE SERIE-TÍTULO UNIFORME
Título uniforme Biblioteca Edaf ;
Designación de volumen o secuencia 247
9 (RLIN) 179778
852 ## - LOCALIZACIÓN
Ubicación ES-MaACL
Número de control de estantería L-26844
Sublocalización o colección R.132183
Holdings
Estatus retirado Estado de pérdida Estado de daño No para préstamo Biblioteca de origen Biblioteca actual Ubicación en estantería Fecha de adquisición Fuente de adquisición Total de préstamos Signatura topográfica completa Código de barras Visto por última vez Precio de reemplazo Tipo de ítem Koha
        Biblioteca del Ateneo de Madrid Biblioteca del Ateneo de Madrid Depósito 2 17/01/2008     L-26844 1069543 23/02/2023 23/02/2023 Libro impreso